000 00942nas a2200313 4500
001 BR2011004325
003 BR-BrBNA
005 20231205115043.0
007 ta
008 230509b bl.|||p| |||| 00| 00por d
040 _aBR-BrBNA
_bpor
_cBiblioteca Nacional de Agricultura
041 _a(Pt)
072 _aF61; P34
100 1 _aSilva, T.F.B. da
100 1 _aSantos, A.B. da S.
100 1 _aRozas, C.E. de O.
100 1 _aSantos, A.C. dos
100 1 _aPaiva, L.M.
245 1 _aInfluência da densidade de fungos micorrízicos arbusculares na produção de maracujazeiro-doce (Passiflora alata Curtis)
650 _aMARACUJÁ
650 _aMUDA
650 _aFUNGO
650 _aMICORRIZA
650 _aINOCULAÇÃO
650 _aSIMBIOSE
773 0 _tRevista Caatinga (Brazil)
_xISSN 0100-316X
_g(Oct-Dec 2009), v. 22(4) p. 1-6
_wBR2011004325
909 _a202311
_bLúcia
_c55
_dLúcia Elande
942 _2AGRIS
_n0
_cANA
999 _c211856
_d211856